Tripoints sur la carte du monde #2 - Statistiques

Statistiques générales
  • Ce quiz a été pris 10 603 fois
  • Le résultat moyen est 20 sur 27
Statistiques - réponses
Par images Hint Réponse % Correct
Chine
93%
Inde
92%
Népal
92%
Algérie
88%
Finlande
88%
Norvège
88%
Suède
88%
Tunisie
88%
Libye
87%
Turquie
85%
Grèce
83%
Argentine
80%
Brésil
80%
Bulgarie
80%
Roumanie
79%
Uruguay
79%
Moldavie
78%
Ukraine
78%
Soudan
67%
Érythrée
66%
Éthiopie
66%
Allemagne
58%
France
58%
Suisse
58%
(tripoint le plus au sud des deux) Tchad
42%
(tripoint le plus au sud des deux) Nigeria
41%
(tripoint le plus au sud des deux) Cameroun
39%
Aucun quiz correspondant
Distribution des résultats
% des personnes avec chaque résultat
Percentile par nombre de réponses
Votre historique - résultats
Vous n’avez pas pris ce quiz